| 000 | 00481nam a2200193Ia 4500 | ||
|---|---|---|---|
| 005 | 20220917114343.0 | ||
| 008 | 140110s9999 xx 000 0 und d | ||
| 020 |
_a9780330449557 _cGBP 2.99 |
||
| 040 | _aLoreto College | ||
| 041 | _aEnglish | ||
| 082 |
_aF _bWAL |
||
| 100 | _aWalters, Minette | ||
| 245 | 4 |
_aThe chameleon's shadow _cMinette Walters |
|
| 260 |
_aLondon _bPan Books _c2007 |
||
| 300 | _a527p | ||
| 650 | _aFiction in English | ||
| 850 | _aLCLIB | ||
| 942 | _cBK | ||
| 999 |
_c19828 _d70307 |
||